| 000 | 00670nam a2200241 b 4500 | ||
|---|---|---|---|
| 001 | bimo0000937340 | ||
| 003 | OSt | ||
| 005 | 20140826152312.0 | ||
| 008 | 980716s1998 sp | ||| ||spa | ||
| 020 | _a84-7880-895-7 | ||
| 040 |
_aSpMaBN _bspa _cBMC _erdc |
||
| 082 | _a613 | ||
| 100 | 1 |
_aPelta, Roberto _924206 |
|
| 245 | 1 | 0 |
_a100 consejos médicos para vivir con salud _cRoberto Pelta y Enrique Vivas |
| 250 | _a1ª ed | ||
| 260 |
_aMadrid _bTemas de Hoy _c1998 |
||
| 300 |
_a263 p. _c22 cm |
||
| 490 | _aVivir mejor | ||
| 650 | 2 | 4 |
_aHigiene _919832 |
| 700 | 1 |
_aVivas, Enrique _924205 |
|
| 740 | 0 | 1 | _aCien consejos médicos para vivir mejor. |
| 942 |
_2ddc _cBK |
||
| 999 |
_c13223 _d13223 |
||